01387cam a22002651 4500001001300000003000400013005001700017008004100034010001700075035002000092040005200112042001200164050002300176100002600199245016000225260009200385300004800477490010400525500008700629501022500716504003200941650004600973810008501019999001701104gs 28000440 DLC20260227111333.0911112s1928 ag af b 000 0 spa c ags 28000440  a(OCoLC)24767342 aLibrary, U. S. Geological SurveycTxUdTxUdDLC apremarc00aQE231b.A35 no. 391 aBeder, Robert,d1885-13aLa Sierra de Guasayán y sus alrededores. Una contribución a la geología e hidrología de la provincia de Santiago del Estero,cpor Roberto Beder ... aBuenos Aires,bTalleres gráficos del Ministerio de agricultura de la nación,c1928. a171 p. incl. illus., 8 pl., tables.c27 cm.1 a[Argentine Republic] Dirección general de minas, geología e hidrología. Publicaciónvno. 39 aAt head of title: República Argentina. Ministerio de agricultura de la nación. aWith : Datos hidrológicos del Desierto de Atacama (Territorio nacional de Los Andes). Buenos Aires : Talleres gráficos del Ministerio de agricultura de la nación,1927. Bound together subsequent to publication.5DLC aBibliographical foot-notes. 0aGeologyzArgentinazSierra de Guasayán.1 aArgentina.bDirección General de Minas y Geología.tPublicación ;vno. 39. c26680d26680